| 000 | 00789nam a2200229 i 4500 | ||
|---|---|---|---|
| 001 | 85665 | ||
| 003 | ES-MaACL | ||
| 005 | 20260305063019.0 | ||
| 007 | t| | ||
| 008 | 041130s1959 mx ||||1| spa d | ||
| 100 | 1 |
_aJunco, Alfonso, _d1896-1974 _967276 |
|
| 245 | 1 | 0 |
_aMéjico y los refugiados _b: las cortes de paja y el corte de caja / _cAlfonso Junco. |
| 250 | _a[1ª ed.]. | ||
| 260 |
_aMéxico, D.F. : _bJus, _c1959. |
||
| 300 |
_a79 p. ; _c23 cm. |
||
| 490 | 1 |
_aFiguras y episodios de la historia de México ; _v76 |
|
| 650 | 0 | 4 |
_aExiliados españoles- _zMéxico. _912674 |
| 651 | 4 |
_aEspaña- _xRelaciones- _zMéxico. _9165181 |
|
| 830 | 0 |
_aFiguras y episodios de la historia de México ; _v76 _9181876 |
|
| 852 |
_aES-MaACL _jE-9421 _bR.94207 |
||
| 999 |
_c85665 _d85665 |
||